000 00382 a2200133 4500
005 20250609142959.0
020 _a209-033972-1
082 _aREF 403 CUQ
100 _aCUQ, J. P.
245 _aDictionnaire De Didactique Du Francais: Langue Entrangere Et Seconde
260 _aUniversite Paris 3,
_bLouis Porcher,
_c1990.
300 _a303p.:
_bBibliographie.
_c25cm.
942 _2ddc
_cBKS
999 _c3539
_d3539